Statistics for 1983: NFL Teams with the Least Points

Click here to take the quiz!

General Stats

  • This quiz has been taken 5 times
  • The average score is 8 of 10

Answer Stats

Number of pointsNFL Team% Correct
283Buffalo Bills
100%
313New York Jets
100%
233Philadelphia Eagles
100%
241Tampa Bay Buccaneers
100%
264Baltimore Colts
80%
302Denver Broncos
80%
288Houston Oilers
80%
274New England Patriots
80%
311Chicago Bears
60%
267New York Giants
60%

Score Distribution

Percentile by Number Answered

Percent of People with Each Score

Your Score History

You have not taken this quiz